[Event "GER-ch Schools U18 Girls"]
[Site "Germany"]
[Date "2009.05.17"]
[Round "5.3"]
[White "Kiemele, Nicole"]
[Black "Wessel, Thea"]
[Result "1-0"]
[WhiteElo "796"]
[BlackElo "935"]
[PlyCount "67"]
[EventDate "2009.05.16"]
[EventType "team-swiss"]
[EventRounds "7"]
[EventCountry "GER"]
[SourceTitle "EXT 2011"]
[Source "ChessBase"]
[SourceDate "2010.11.26"]
[SourceVersion "1"]
[SourceVersionDate "2010.11.26"]
[SourceQuality "1"]
[WhiteTeam "Hamburg MCG (W)"]
[BlackTeam "Stade Athenaeum (W)"]
[WhiteTeamCountry "GER"]
[BlackTeamCountry "GER"]

1. e4 c5 2. Bc4 d6 3. Nf3 e6 4. d3 Be7 5. Nc3 Nc6 6. 0-0 Nd4 7. Nxd4 cxd4 8. Ne2 e5 9. f4 Nf6 10. f5 0-0 11. Ng3 a6 12. Nh5 b5 13. Nxf6+ Bxf6 14. Bd5 Rb8 15. Qg4 Bb7 16. Bxb7 Rxb7 17. Bd2 a5 18. Rf3 Kh8 19. Rh3 g6 20. fxg6 fxg6 21. Qxg6 Rg8 22. Qf5 Qe7 23. Rf1 Rf8 24. Bh6 Rf7 25. Rhf3 Rb8 26. c4 dxc3 27. bxc3 b4 28. cxb4 axb4 29. Rc1 Ra8 30. Rc8+ Rxc8 31. Qxc8+ Qd8 32. Qe6 Qb6+ 33. Kf1 Qc5 34. Qe8+ 1-0

[Event "GER-ch Schools U18 Girls"]
[Site "Germany"]
[Date "2009.05.16"]
[Round "3.4"]
[White "Wessel, Thea"]
[Black "Gold, Lisa"]
[Result "1-0"]
[WhiteElo "935"]
[BlackElo "800"]
[PlyCount "103"]
[EventDate "2009.05.16"]
[EventType "team-swiss"]
[EventRounds "7"]
[EventCountry "GER"]
[SourceTitle "EXT 2011"]
[Source "ChessBase"]
[SourceDate "2010.11.26"]
[SourceVersion "1"]
[SourceVersionDate "2010.11.26"]
[SourceQuality "1"]
[WhiteTeam "Stade Athenaeum (W)"]
[BlackTeam "Neubrandenburg (W)"]
[WhiteTeamCountry "GER"]
[BlackTeamCountry "GER"]

1. Nf3 Nc6 2. d4 d5 3. Bf4 Bf5 4. e3 Nf6 5. Nbd2 e6 6. c3 Bd6 7. Bxd6 Qxd6 8. g3 0-0-0 9. Bg2 Rhe8 10. 0-0 e5 11. Ng5 Bd3 12. Nxf7 Qe7 13. Nxd8 Bxf1 14. Bxf1 Qxd8 15. Bb5 Rf8 16. Bxc6 bxc6 17. Qa4 Ne4 18. Nxe4 dxe4 19. Rd1 Qf6 20. Rd2 exd4 21. Qxd4 Qf3 22. Qxg7 Qf6 23. Qxf6 Rxf6 24. b4 Rd6 25. Rxd6 cxd6 26. a4 Kb7 27. Kg2 Kb6 28. f3 c5 29. fxe4 Kc6 30. h4 h5 31. Kf3 a6 32. g4 d5 33. exd5+ Kxd5 34. gxh5 Ke6 35. Kg4 Kf6 36. e4 cxb4 37. cxb4 Kg7 38. e5 Kf7 39. Kg5 Kg7 40. e6 Kf8 41. h6 a5 42. bxa5 Kg8 43. e7 Kf7 44. h7 Kxe7 45. h8Q Kd6 46. Qg7 Kc5 47. a6 Kb4 48. a7 Kxa4 49. a8Q+ Kb4 50. Qc7 Kb5 51. Qab8+ Ka6 52. Qca7# 1-0

[Event "GER-chT U14 Girls"]
[Site "Stuttgart"]
[Date "2007.12.27"]
[Round "2.3"]
[White "Cabalar, Rana"]
[Black "Wessel, Thea"]
[Result "1/2-1/2"]
[WhiteElo "945"]
[BlackElo "879"]
[PlyCount "56"]
[EventDate "2007.12.27"]
[EventType "team-swiss"]
[EventRounds "7"]
[EventCountry "GER"]
[SourceTitle "EXT 2009"]
[Source "ChessBase"]
[SourceDate "2008.11.26"]
[SourceVersion "1"]
[SourceVersionDate "2008.11.26"]
[SourceQuality "1"]
[WhiteTeam "Porz SG U14 Girls"]
[BlackTeam "Stader SV U14 Girls"]
[WhiteTeamCountry "GER"]
[BlackTeamCountry "GER"]

1. e4 d6 2. Nc3 g6 3. Nf3 Bg7 4. Bc4 Nf6 5. d3 0-0 6. Be3 Nbd7 7. Qd2 b6 8. Bd4 c5 9. Be3 a6 10. Bd5 Rb8 11. Ng5 Ne5 12. h3 e6 13. Bb3 b5 14. a3 Bh6 15. 0-0 c4 16. dxc4 bxc4 17. Ba4 Rxb2 18. Rab1 Rxb1 19. Rxb1 Bd7 20. Bxd7 Qxd7 21. Qe2 Qc6 22. Nf3 Bxe3 23. Qxe3 Nxf3+ 24. Qxf3 Nd7 25. Qe3 d5 26. exd5 exd5 27. Qh6 Qf6 28. Nxd5 Qg7 1/2-1/2

[Event "GER-chT U14 Girls"]
[Site "Stuttgart"]
[Date "2007.12.27"]
[Round "1.3"]
[White "Wessel, Thea"]
[Black "Schaetz, Annika"]
[Result "0-1"]
[WhiteElo "879"]
[BlackElo "1608"]
[PlyCount "60"]
[EventDate "2007.12.27"]
[EventType "team-swiss"]
[EventRounds "7"]
[EventCountry "GER"]
[SourceTitle "EXT 2009"]
[Source "ChessBase"]
[SourceDate "2008.11.26"]
[SourceVersion "1"]
[SourceVersionDate "2008.11.26"]
[SourceQuality "1"]
[WhiteTeam "Stader SV U14 Girls"]
[BlackTeam "Chemnitz USG U14 Girls"]
[WhiteTeamCountry "GER"]
[BlackTeamCountry "GER"]

1. Nf3 Nf6 2. d4 g6 3. Bf4 Bg7 4. e3 0-0 5. Nbd2 d6 6. c4 c6 7. Bd3 Nbd7 8. 0-0 Re8 9. Re1 e5 10. Bg3 e4 11. Nxe4 Nxe4 12. Qc2 Nxg3 13. hxg3 Nf6 14. e4 Bg4 15. Be2 Rxe4 16. Rad1 Bxf3 17. Bxf3 Rxe1+ 18. Rxe1 Qa5 19. Ra1 Re8 20. Kf1 d5 21. cxd5 Nxd5 22. Qc5 Qd2 23. Qxa7 Bxd4 24. Qxd4 Qxd4 25. Kg1 Qxb2 26. Rf1 Qxa2 27. Kh1 Qd2 28. Kh2 Re1 29. Rh1 Qh6+ 30. Bh5 Qxh5# 0-1

[Event "Niedersachsen-ch U12/14 Girls"]
[Site "Rotenburg/Wuemme"]
[Date "2007.04.05"]
[Round "8"]
[White "Wessel, Thea"]
[Black "Vollert, Miriam"]
[Result "1-0"]
[WhiteElo "964"]
[BlackElo "863"]
[PlyCount "45"]
[EventDate "2007.03.31"]
[EventType "swiss"]
[EventRounds "9"]
[EventCountry "GER"]
[SourceTitle "EXT 2008"]
[Source "ChessBase"]
[SourceDate "2007.11.25"]
[SourceVersion "1"]
[SourceVersionDate "2007.11.25"]
[SourceQuality "1"]

1. Nf3 Nf6 2. d4 d5 3. Bf4 Bf5 4. e3 e6 5. c4 Nc6 6. cxd5 Qxd5 7. Nc3 Bb4 8. Bd3 0-0 9. 0-0 Qd8 10. Nb5 Nd5 11. e4 Nxf4 12. exf5 exf5 13. Bxf5 Re8 14. a3 Ne2+ 15. Kh1 Bd6 16. Qd3 g6 17. Be4 Nf4 18. Qc2 g5 19. Bxh7+ Kf8 20. Nxd6 cxd6 21. Qf5 f6 22. g3 Ne7 23. Qxf6# 1-0

[Event "Niedersachsen-ch U12/14 Girls"]
[Site "Rotenburg/Wuemme"]
[Date "2007.04.01"]
[Round "3"]
[White "Grigorian, Hajarpi"]
[Black "Wessel, Thea"]
[Result "1-0"]
[WhiteElo "854"]
[BlackElo "964"]
[PlyCount "59"]
[EventDate "2007.03.31"]
[EventType "swiss"]
[EventRounds "9"]
[EventCountry "GER"]
[SourceTitle "EXT 2008"]
[Source "ChessBase"]
[SourceDate "2007.11.25"]
[SourceVersion "1"]
[SourceVersionDate "2007.11.25"]
[SourceQuality "1"]

1. d4 d6 2. e4 g6 3. Nc3 Bg7 4. Be3 Nf6 5. f3 c6 6. Qd2 Be6 7. 0-0-0 0-0 8. g4 d5 9. h4 dxe4 10. Nxe4 Nxe4 11. fxe4 Bxg4 12. Be2 Be6 13. h5 Bxa2 14. hxg6 fxg6 15. Bh6 Rf7 16. b3 Qxd4 17. Qxd4 Bxd4 18. Bc4 Bxg1 19. Bxf7+ Kxf7 20. Rhxg1 Na6 21. Rdf1+ Ke6 22. Kb2 Nb4 23. c3 Bxb3 24. Kxb3 Nd3 25. Rd1 Nc5+ 26. Kc2 Nxe4 27. Rge1 Kf5 28. Rf1+ Kg4 29. Rf4+ Kh5 30. Rh1# 1-0

[Event "GER-chT U14 Girls"]
[Site "Burg Stargard"]
[Date "2006.12.29"]
[Round "5.4"]
[White "Wessel, Thea"]
[Black "Klich, Jana"]
[Result "1/2-1/2"]
[WhiteElo "700"]
[BlackElo "700"]
[PlyCount "60"]
[EventDate "2006.12.27"]
[EventType "team-swiss"]
[EventRounds "7"]
[EventCountry "GER"]
[SourceTitle "EXT 2008"]
[Source "ChessBase"]
[SourceDate "2007.11.25"]
[SourceVersion "1"]
[SourceVersionDate "2007.11.25"]
[SourceQuality "1"]
[WhiteTeam "Stader SV U14 Girls"]
[BlackTeam "Harksheide U14 Girls"]
[WhiteTeamCountry "GER"]
[BlackTeamCountry "GER"]

1. Nf3 d5 2. d4 Nc6 3. Bf4 Bf5 4. e3 Nb4 5. Bd3 Bxd3 6. cxd3 e6 7. 0-0 Nf6 8. Nc3 Bd6 9. Bxd6 Qxd6 10. a3 Nc6 11. e4 dxe4 12. dxe4 Qd7 13. e5 Nd5 14. Qb3 Nxc3 15. bxc3 0-0-0 16. Rab1 Na5 17. Qb4 b6 18. Rfd1 Rhf8 19. c4 Qc6 20. c5 bxc5 21. Qb8+ Kd7 22. dxc5+ Ke7 23. Rxd8 Rxd8 24. Qxa7 Qa4 25. Qxc7+ Ke8 26. g3 Qxa3 27. c6 Qxf3 28. Qxa5 Qxc6 29. Rb6 Qd5 30. Qa4+ Ke7 1/2-1/2